A data-base of Antarctic pre-Pleistocene sediment cores /

Bibliographic Details
Main Author: Lazarus, David
Corporate Author: Woods Hole Oceanographic Institution
Other Authors: Pallant, Amy, Hays, James D.
Format: Book
Language:English
Published: Woods Hole, Mass. : Woods Hole Oceanographic Institution, 1987.
Series:Woods Hole Oceanographic Institution (Series) ; no. 87-16.
Technical report (Woods Hole Oceanographic Institution)
Subjects:

MARC

Tag First Indicator Second Indicator Subfields
LEADER 00000cam a2200000Ia 4500
001 in00002000283
005 20151031124730.0
008 870526e198705 maua t 000 0 eng d
035 |a (OCoLC)ocm15730617 
040 |a RIN  |c RIN  |d OCL  |d OCLCQ  |d TXA  |d UtOrBLW 
049 |a TXAM 
090 |a GC1  |b .W582 no. 87-16 
100 1 |a Lazarus, David. 
245 1 2 |a A data-base of Antarctic pre-Pleistocene sediment cores /  |c David Lazarus, Amy Pallant, James D. Hays. 
264 1 |a Woods Hole, Mass. :  |b Woods Hole Oceanographic Institution,  |c 1987. 
300 |a 39 pages :  |b illustrations ;  |c 28 cm. +  |e 3 folded maps in pocket. 
336 |a text  |b txt  |2 rdacontent 
337 |a unmediated  |b n  |2 rdamedia 
338 |a volume  |b nc  |2 rdacarrier 
490 0 |a WHOI ;  |v 87-16.  |a Technical report 
500 |a "May 1987." 
504 |a Includes bibliographical references (pages 13-14). 
536 |a Funding provided by National Science Foundation,  |c Grant No. OCE 79-19092 and  |c DPP 83-17087. 
650 0 |a Marine sediments  |z Antarctica. 
700 1 |a Pallant, Amy. 
700 1 |a Hays, James D. 
710 2 |a Woods Hole Oceanographic Institution. 
740 0 |a Antarctic pre-Pleistocene sediment cores. 
830 0 |a Woods Hole Oceanographic Institution (Series) ;  |v no. 87-16. 
830 0 |a Technical report (Woods Hole Oceanographic Institution) 
994 |a C0  |b TXA 
948 |a cataloged  |b h  |c 2004/10/22  |d c  |e bhartsfi  |f 11:53:19 am 
999 |a MARS 
999 f f |s 11bb00a3-1776-35a4-8f3b-1ae6de1e2c9a  |i 0a4141f5-03af-3631-8fb6-c58fdc9a6ffa  |t 0 
952 f f |p ric  |a Texas A&M University  |b Rellis Campus  |c Joint Library Facility  |d Remote Storage  |t 0  |e GC1 .W582 no.87-16  |h Library of Congress classification  |i unmediated -- volume  |m A14831285729 
998 f f |a GC1 .W582 no.87-16  |t 0  |l Remote Storage